Suomen lakkautetut kunnat - Statistics

Yleistilastot
  • Tätä visaa on pelattu 5 606 kertaa
  • Keskiarvotulos 72 / 281
Vastaustilastot
Maakunta Lakkautusvuosi Kunta % Oikein
Uusimaa 1972 Helsingin mlk
52%
Kymenlaakso 1975 Anjala
51%
Keski-suomi 2009 Jyväskylän mlk
50%
Lappi 2006 Rovaniemen mlk
48%
Pirkanmaa 2009 Vammala
47%
Pirkanmaa 1947* Akaa
46%
Etelä-Pohjanmaa 2009 Alahärmä
46%
Kymenlaakso 2009 Anjalankoski
46%
Uusimaa 2009 Tammisaari
46%
Pohjois-karjala 2009 Eno
45%
Uusimaa 2009 Karjaa
45%
Lappi 1973 Alatornio
43%
Pirkanmaa 2009 Mänttä
43%
Pirkanmaa 2009 Vilppula
43%
Pohjois-savo 2017 Juankoski
42%
Kymenlaakso 2009 Kuusankoski
42%
Pirkanmaa 2007 Toijala
42%
Pohjois-pohjanmaa 2013 Yli-ii
42%
Varsinais-suomi 2009 Alastaro
40%
Pohjois-pohjanmaa 2013 Haukipudas
40%
Etelä-pohjanmaa 2016 Jalasjärvi
40%
Etelä-savo 2001 Mikkelin mlk
40%
Uusimaa 1981 Nummi
40%
Satakunta 1972 Ahlainen
39%
Kanta-häme 2009 Hauho
39%
Pohjois-savo 1969 Kuopion mlk
39%
Etelä-karjala 2009 Joutseno
38%
Pohjois-pohjanmaa 2013 Kiiminki
38%
Päijät-häme 2016 Nastola
38%
Satakunta 2010 Noormarkku
38%
Pohjois-pohjanmaa 2013 Oulunsalo
38%
Etelä-pohjanmaa 2005 Peräseinäjoki
38%
Etelä-pohjanmaa 2009 Ylihärmä
38%
Keski-suomi 2009 Jämsänkoski
37%
Lappi 1979 Kemin mlk
37%
Satakunta 2017 Luvia
37%
Uusimaa 1981 Pusula
37%
Pirkanmaa 1966 Aitolahti
36%
Etelä-pohjanmaa 2009 Jurva
36%
Varsinais-suomi 2009 Nauvo
36%
Pohjois-savo 2013 Nilsiä
36%
Satakunta 1967 Porin mlk
36%
Pirkanmaa 2007 Viiala
36%
Etelä-savo 2001 Anttola
35%
Kymenlaakso 2009 Elimäki
35%
Kainuu 1977 Kajaanin mlk
35%
Uusimaa 2013 Karjalohja
35%
Kanta-häme 2009 Lammi
35%
Satakunta 2009 Lappi
35%
Satakunta 2015 Lavia
35%
Pohjois-savo 2015 Maaninka
35%
Varsinais-suomi 2009 Korppoo
34%
Etelä-savo 2013 Ristiina
34%
Etelä-pohjanmaa 2009 Ylistaro
34%
Etelä-karjala 1967 Lappee
33%
Pohjois-pohjanmaa 2009 Ylikiiminki
33%
Pirkanmaa 2009 Äetsä
32%
Päijät-häme 2011 Artjärvi
32%
Uusimaa 1946 Haaga
32%
Päijät-häme 1997 Heinolan mlk
32%
Kymenlaakso 2009 Jaala
32%
Pohjois-savo 1948 Pieksämä
32%
Satakunta 1993 Rauman mlk
32%
Pohjanmaa 1969 Alaveteli
31%
Varsinais-suomi 2009 Dragsfjärd
31%
Varsinais-suomi 2009 Halikko
31%
Päijät-häme 2016 Hämeenkoski
31%
Pohjois-pohjanmaa 2010 Himanka
31%
Varsinais-suomi 2009 Iniö
31%
Varsinais-suomi 2009 Kemiö
31%
Etelä-savo 2013 Kerimäki
31%
Pohjois-karjala 2005 Kiihtelysvaara
31%
Satakunta 2016 Köyliö
31%
Pirkanmaa 1972 Teisko
31%
Kanta-häme 2009 Tuulos
31%
Keski-pohjanmaa 2009 Kälviä
30%
Kymenlaakso 1977 Karhula
30%
Pohjois-savo 2011 Karttula
30%
Pohjois-karjala 2013 Kesälahti
30%
Keski-suomi 2009 Korpilahti
30%
Uusimaa 2009 Pohja
30%
Etelä-savo 2013 Punkaharju
30%
Kanta-häme 2009 Renko
30%
Keski-suomi 1993 Säynätsalo
30%
Etelä-karjala 1973 Simpele
30%
Keski-suomi 2007 Suolahti
30%
Kanta-häme 1948 Hämeenlinnan mlk
29%
Lappi 1973 Kemijärven mlk
29%
Pirkanmaa 1981 Kiikka
29%
Keski-suomi 1993 Konginkangas
29%
Pirkanmaa 2009 Mouhijärvi
29%
Uusimaa 1997 Porvoon mlk
29%
Uusimaa 2010 Ruotsinpyhtää
29%
Varsinais-suomi 2009 Rymättylä
29%
Pohjois-karjala 2005 Tuupovaara
29%
Varsinais-suomi 2009 Askainen
28%
Etelä-savo 2007 Haukivuori
28%
Uusimaa 1969 Hyvinkään mlk
28%
Pohjois-savo 1970 Iisalmen mlk
28%
Uusimaa 2013 Nummi-pusula
28%
Varsinais-suomi 2009 Perniö
28%
Pohjois-savo 2004 Pieksämäen mlk
28%
Varsinais-suomi 2009 Piikkiö
28%
Etelä-karjala 2005 Saari
28%
Etelä-pohjanmaa 1959 Seinäjoen mlk
28%
Varsinais-suomi 2009 Houtskari
27%
Varsinais-suomi 1977 Karjala
27%
Pirkanmaa 1981 Keikyä
27%
Pirkanmaa 2009 Kuru
27%
Keski-pohjanmaa 2009 Lohtaja
27%
Pohjanmaa 2007 Maksamaa
27%
Etelä-savo 2009 Savonranta
27%
Etelä-pohjanmaa 2013 Töysä
27%
Kymenlaakso 2009 Valkeala
27%
Pirkanmaa 1938 Etelä-pirkkala
26%
Satakunta 2013 Kiikoinen
26%
Kymenlaakso 1977 Kymi
26%
Varsinais-suomi 2009 Merimasku
26%
Keski-pohjanmaa 1969 Öja
26%
Pohjois-pohjanmaa 1965 Oulujoki
26%
Pohjois-pohjanmaa 2003 Pattijoki
26%
Pohjois-pohjanmaa 2009 Rantsila
26%
Keski-suomi 2007 Sumiainen
26%
Keski-suomi 1969 Äänekosken mlk
25%
Uusimaa 1977 Bromarv
25%
Uusimaa 1946 Huopalahti
25%
Uusimaa 1969 Karjaan mlk
25%
Varsinais-suomi 2009 Kisko
25%
Varsinais-suomi 2009 Lemu
25%
Uusimaa 1978 Lohjan mlk
25%
Varsinais-suomi 1967 Maaria
25%
Varsinais-suomi 1964 Naantalin mlk
25%
Varsinais-suomi 2009 Pertteli
25%
Pohjois-pohjanmaa 2009 Pulkkila
25%
Varsinais-suomi 1969 Uudenkaupungin mlk
25%
Pohjanmaa 1977 Ähtävä
24%
Varsinais-suomi 1967 Angelniemi
24%
Pirkanmaa 1972 Ikaalisten mlk
24%
Pohjanmaa 1975 Jepua
24%
Varsinais-suomi 1968 Kakskerta
24%
Pohjanmaa 1927 Kokkolan mlk
24%
Pirkanmaa 2011 Kylmäkoski
24%
Pirkanmaa 1947 Messukylä
24%
Etelä-karjala 1989 Nuijamaa
24%
Varsinais-suomi 1973 Paattinen
24%
Keski-suomi 1969 Pihlajavesi
24%
Pirkanmaa 1938 Pohjois-pirkkala
24%
Pohjois-savo 1973 Riistavesi
24%
Uusimaa 2009 Sammatti
24%
Varsinais-suomi 2009 Yläne
24%
Pohjanmaa 1975 Bergö
23%
Pohjanmaa 1973 Björköby
23%
Pirkanmaa 1973 Eräjärvi
23%
Satakunta 1970 Hinnerjoki
23%
Varsinais-suomi 2009 Kiikala
23%
Etelä-karjala 1967 Lauritsala
23%
Pohjois-savo 1971 Muuruvesi
23%
Pohjanmaa 2011 Oravainen
23%
Pohjois-pohjanmaa 2009 Piippola
23%
Uusimaa 1969 Pyhäjärvi
23%
Etelä-savo 2013 Suomenniemi
23%
Pohjois-pohjanmaa 2001 Temmes
23%
Pirkanmaa 1973 Tyrvää
23%
Keski-pohjanmaa 2009 Ullava
23%
Etelä-karjala 2010 Ylämaa
23%
Uusimaa 1946 Degerby
22%
Varsinais-suomi 1993 Kalanti
22%
Kanta-häme 2009 Kalvola
22%
Keski-suomi/Pirkanmaa 2007 Längelmäki
22%
Varsinais-suomi 1978 Loimaan mlk
22%
Pohjois-pohjanmaa 1973 Paavola
22%
Uusimaa 2010 Pernaja
22%
Pohjois-karjala 1973 Pielisjärvi
22%
Pohjanmaa 1989 Pietarsaaren mlk
22%
Varsinais-suomi 1974 Pyhämaa
22%
Keski-suomi 2009 Pylkönmäki
22%
Pirkanmaa 2005 Sahalahti
22%
Satakunta 2009 Vampula
22%
Pohjois-savo 2011 Varpaisjärvi
22%
Kymenlaakso 2003 Vehkalahti
22%
Pohjois-pohjanmaa 2013 Vihanti
22%
Satakunta 1970 Honkilahti
21%
Etelä-savo 2009 Jäppilä
21%
Pirkanmaa 2009 Karkku
21%
Lappi 1973 Karunki
21%
Keski-suomi 2008 Leivonmäki
21%
Pirkanmaa 2007 Luopioinen
21%
Pohjois-karjala 1973 Nurmeksen mlk
21%
Pohjois-karjala 2009 Pyhäselkä
21%
Pohjois-pohjanmaa 2007 Ruukki
21%
Pirkanmaa 1976 Tottijärvi
21%
Pohjanmaa 1975 Uudenkaarlepyyn mlk
21%
Etelä-karjala 2005 Uukuniemi
21%
Pohjanmaa 2013 Vähäkyrö
21%
Varsinais-suomi 2009 Velkua
21%
Pohjois-savo 2005 Kangaslampi
20%
Pohjois-pohjanmaa 2009 Kestilä
20%
Etelä-pohjanmaa 2009 Kortesjärvi
20%
Pirkanmaa 2011 Kuhmalahti
20%
Uusimaa 1946 Kulosaari
20%
Varsinais-suomi 2009 Parainen
20%
Etelä-pohjanmaa 2009 Seinäjoki
20%
Kymenlaakso 1975 Sippola
20%
Pirkanmaa 2004 Suodenniemi
20%
Pirkanmaa 2007 Viljakkala
20%
Pohjanmaa 1973 Ylimarkku
20%
Kymenlaakso 1974 Haapasaari
19%
Varsinais-suomi 1969 Hiittinen
19%
Varsinais-suomi 2005 Karinainen
19%
Satakunta 2005 Kullaa
19%
Varsinais-suomi 2009 Kuusjoki
19%
Pohjois-savo 2007 Pieksänmaa
19%
Pohjanmaa 1973 Raippaluoto
19%
Pirkanmaa 1973 Sääksmäki
19%
Pohjanmaa 1973 Siipyy
19%
Uusimaa 1977 Tammisaaren mlk
19%
Pohjois-karjala 2005 Värtsilä
19%
Kainuu 2007 Vuolijoki
19%
Etelä-karjala 1948 Jääski
18%
Pohjanmaa 1977 Kaarlela
18%
Lappi 2007 Kuivaniemi
18%
Etelä-pohjanmaa 2009 Lehtimäki
18%
Uusimaa 2010 Liljendal
18%
Varsinais-suomi 2009 Mellilä
18%
Varsinais-suomi 2007 Mietoinen
18%
Varsinais-suomi 1967 Paraisten mlk
18%
Pohjois-pohjanmaa 1973 Saloinen
18%
Uusimaa 1977 Snappertuna
18%
Varsinais-suomi 1977 Somerniemi
18%
Varsinais-suomi 2009 Suomusjärvi
18%
Varsinais-suomi 2009 Västanfjärd
18%
Pohjanmaa 2011 Vöyri-Maksamaa
18%
Varsinais-suomi 1969 Karuna
17%
Keski-suomi 1969 Koskenpää
17%
Pohjanmaa 1973 Lapväärtti
17%
Varsinais-suomi 1981 Lokalahti
17%
Pohjanmaa 1975 Munsala
17%
Etelä-savo 1973 Sääminki
17%
Pohjois-savo 1971 Säyneinen
17%
Varsinais-suomi 2015 Tarvasjoki
17%
Pohjanmaa 1969 Teerijärvi
17%
Pohjanmaa 1973 Tiukka
17%
Varsinais-suomi 2009 Vahto
17%
Satakunta 2009 Kiukainen
16%
Keski-suomi 2001 Kuorevesi
16%
Pohjois-karjala 1968 Kuusjärvi
16%
Pohjois-karjala 1954 Pielisensuu
16%
Pohjois-pohjanmaa 1996 Pyhäsalmi
16%
Pohjois-pohjanmaa 1973 Rautio
16%
Pohjois-pohjanmaa 1973 Revonlahti
16%
Uusimaa 1993 Tenhola
16%
Pohjois-savo 2004 Virtasalmi
16%
Satakunta 1969 Kauvatsa
15%
Satakunta 2007 Kodisjoki
15%
Kanta-häme/Pirkanmaa 1969 Koijärvi
15%
Varsinais-suomi 1946 Kuusisto
15%
Varsinais-suomi 1976 Metsämaa
15%
Pohjanmaa 1977 Purmo
15%
Varsinais-suomi 2009 Särkisalo
15%
Pohjanmaa 1973 Sulva
15%
Kanta-häme 1971 Tyrväntö
15%
Varsinais-suomi 1967 Uskela
15%
Kanta-häme 1967 Vanaja
15%
Lappi 1936 Kuolajärvi
14%
Varsinais-suomi 2009 Muuria
14%
Pohjanmaa 1973 Petolahti
14%
Pirkanmaa 1973 Suoniemi
14%
Pohjanmaa 1973 Koivulahti
13%
Pohjois-karjala 1946 Pälkjärvi
13%
Pohjanmaa 1973 Pirttikylä
13%
Pirkanmaa 1973 Pohjaslahti
13%
Lappi 1949 Turtola
13%
Varsinais-suomi 1936 Uusikirkko
13%
Pohjois-savo 2005 Vehersalmi
13%
Pohjois-karjala 1946 Korpiselkä
12%
Pohjois-pohjanmaa 1884 Jokijärvi
11%
Päijät-häme 1995 Koski HI
11%
Kainuu 1935 Kuhmoniemi
10%
Pohjois-pohjanmaa 1954 Säräisniemi
8%
Etelä-karjala 1934 Kyyrölä
7%
Etelä-karjala 1946 Vahviala
6%
Ehtoja vastaavia visoja ei löytynyt
Tulosjakauma
Jokaisen tuloksen saaneiden osuus
Persentiili vastausten määrän mukaan
Tuloshistoriasi
Et ole pelannut tätä visaa